Partis politiques des maires en 2026 - Click Quiz - Statistiques

Statistiques générales
  • Ce quiz a été pris 73 fois
    28 depuis la dernière actualisation
  • Le résultat moyen est 14 sur 20
Statistiques - réponses
Hint Réponse % Correct
Marseille PS / Divers gauche
92%
Saint-Denis (Seine-Saint-Denis) LFI
88%
Paris PS / Divers gauche
88%
Perpignan RN
88%
Roubaix LFI
84%
Toulouse LR / Divers droite
80%
Lille PS / Divers gauche
80%
Nice UDR
80%
Dijon PS / Divers gauche
76%
Lyon
72%
Nantes PS / Divers gauche
72%
Le Havre HOR
68%
Toulon LR / Divers droite
68%
Pau PS / Divers gauche
64%
Strasbourg PS / Divers gauche
64%
Nîmes PCF
60%
Brest LR / Divers droite
56%
Bordeaux RE
56%
Limoges LR / Divers droite
52%
Angers HOR
44%
Aucun quiz correspondant
Distribution des résultats
% des personnes avec chaque résultat
Percentile par nombre de réponses
Votre historique - résultats
Vous n’avez pas pris ce quiz depuis la dernière actualisation